<?xml version="1.0" encoding="UTF-8"?>
<collection xmlns:xsi="http://www.w3.org/2001/XMLSchema-instance" xsi:schemaLocation="http://www.loc.gov/MARC21/slim http://www.loc.gov/standards/marcxml/schema/MARC21slim.xsd" xmlns="http://www.loc.gov/MARC21/slim">
 <record>
  <leader>00000cas a22000004a 4500</leader>
  <controlfield tag="001">UP-99796217608682881</controlfield>
  <controlfield tag="003">Buklod</controlfield>
  <controlfield tag="005">20090204161803.0</controlfield>
  <controlfield tag="006">a     r    |||| u|</controlfield>
  <controlfield tag="007">ta</controlfield>
  <controlfield tag="008">090204s1982    xx q   d | ||r |||||   ||</controlfield>
  <datafield tag="022" ind1=" " ind2=" ">
   <subfield code="a">0362-9783</subfield>
  </datafield>
  <datafield tag="035" ind1=" " ind2=" ">
   <subfield code="a">(iLib)UPD-00073797685</subfield>
  </datafield>
  <datafield tag="040" ind1=" " ind2=" ">
   <subfield code="a">DLC</subfield>
   <subfield code="d">DEDUC</subfield>
  </datafield>
  <datafield tag="041" ind1=" " ind2=" ">
   <subfield code="a">eng</subfield>
  </datafield>
  <datafield tag="042" ind1=" " ind2=" ">
   <subfield code="a">DMLUC</subfield>
  </datafield>
  <datafield tag="245" ind1="0" ind2="4">
   <subfield code="a">The Journal of humanistic education and development.</subfield>
  </datafield>
  <datafield tag="246" ind1="3" ind2=" ">
   <subfield code="a">Humanistic education and development.</subfield>
  </datafield>
  <datafield tag="264" ind1=" " ind2="1">
   <subfield code="a">Falls Church, Va.</subfield>
   <subfield code="b">American Personnel and Guidance Association</subfield>
   <subfield code="c">c1982-c1999.</subfield>
  </datafield>
  <datafield tag="300" ind1=" " ind2=" ">
   <subfield code="a">17 v.</subfield>
   <subfield code="b">ill.</subfield>
  </datafield>
  <datafield tag="310" ind1=" " ind2=" ">
   <subfield code="a">Quarterly</subfield>
  </datafield>
  <datafield tag="362" ind1="1" ind2=" ">
   <subfield code="a">v.1, no.1 (Sept. 1982)-v.37, no.3 (Mar. 1999).</subfield>
  </datafield>
  <datafield tag="650" ind1=" " ind2="0">
   <subfield code="a">Teachers</subfield>
   <subfield code="x">Training of</subfield>
   <subfield code="v">Periodicals.</subfield>
  </datafield>
  <datafield tag="650" ind1=" " ind2="0">
   <subfield code="a">Education, Humanistic</subfield>
   <subfield code="v">Periodicals.</subfield>
  </datafield>
  <datafield tag="710" ind1="2" ind2=" ">
   <subfield code="a">American Personnel and Guidance Association.</subfield>
  </datafield>
  <datafield tag="710" ind1="2" ind2=" ">
   <subfield code="a">Associaton for Humanistic Education and Development (U.S.).</subfield>
  </datafield>
  <datafield tag="780" ind1="0" ind2="0">
   <subfield code="a">Humanist educator.</subfield>
  </datafield>
  <datafield tag="785" ind1="0" ind2="0">
   <subfield code="a">Journal of humanistic counseling, education and development.</subfield>
  </datafield>
  <datafield tag="905" ind1=" " ind2=" ">
   <subfield code="a">FO EDCO</subfield>
  </datafield>
  <datafield tag="852" ind1="1" ind2=" ">
   <subfield code="a">UPD</subfield>
   <subfield code="b">DEDUC</subfield>
  </datafield>
  <datafield tag="942" ind1=" " ind2=" ">
   <subfield code="a">Continuing Resource</subfield>
  </datafield>
 </record>
</collection>
